000 01020nam a22002417a 4500
008 100623s2005 ua|||||r|||| 000 0 ara d
020 _a9771720538
082 _222
_a523.1
_bف ا ل
100 _915142
_aفالكين، ديفيد
245 _aالكون :
_bتاريخ الأفكار العلمية وتطورها /
_cديفيد فالكين؛ تعريب طارق كمال ضيف الله؛ مراجعة ماهر ملك حنا
260 _aالقاهرة :
_bالمكتبة الأكاديمية، [2005؟]
_c[2005?]
300 _a274 ص:
_bصور ؛
_c24 سم
500 _aترجمة لكتاب: Stephen Hawking's Universe
650 _915140
_aالكون
650 _915148
_aالفلك
650 _915149
_aالأرض
700 _915144
_aضيف الله، طارق كمال
_eتعريب
700 _915146
_aحنا، ماهر ملك
_eمراجعة
942 _2ddc
_cBB
_hRDA-MOD
999 _c14193
_d14193
336 _2rdacontent
_aنص
_btxt
337 _aبدون وسيط
_2rdamedia
_bn
338 _aمجلد
_bnc
_2rdacarrier